000 00409nam a2200145Ia 4500
008 151015s9999 xx 000 0 und d
020 _a764508199
050 _aHF 5548.4 .M525 M537 2001
245 _aHarvey Greg
250 _a_Office Xp 9 IN 1 Desk Reference For Dummies
300 _aMexico Hungry minds 2001
500 _aincludes Index
650 _a_Windows
700 _a^d20120828 11:37:36^okorir
999 _c3626
_d3626